| 000 | 00765nam a22002297a 4500 | ||
|---|---|---|---|
| 999 |
_c22648 _d22648 |
||
| 003 | AR-CdUCM | ||
| 008 | 190427b ||||| |||| 00| 0 spa d | ||
| 020 | _a9786124294242 | ||
| 040 |
_aMUNICIPALIDAD PROVINCIAL DEL CUSCO _cBIBLIOTECA MUNICIPAL DEL CUSCO |
||
| 082 |
_a869.57/V39F _bV39F |
||
| 100 |
_aVega Farfán, Denisse _948749 |
||
| 245 |
_aFiesta / _cDenisse Vega |
||
| 260 |
_aLima : _bAlastor Editores, _c2021. |
||
| 300 |
_a85 páginas: _bilustraciones ; _c24 cm. |
||
| 440 |
_aMúsica Ficta ; _n2 _948750 |
||
| 500 | _aBeneficiario de las líneas de apoyo económico para el sector cultura | ||
| 650 |
_aPoesías peruanas _948735 |
||
| 650 |
_aSiglo XXI _948732 |
||
| 710 |
_aMinisterio de Cultura Perú _948332 |
||
| 942 |
_2ddc _cLIBROS |
||
| 945 | _arac | ||